| 000 | 00467nam a2200169 a 4500 | ||
|---|---|---|---|
| 001 | 1222 | ||
| 003 | CDMR | ||
| 005 | 20131118125851.0 | ||
| 008 | 130130s1903||||||||||||||||||||||||||||d | ||
| 040 |
_aCDMR _bcat _cCDMR |
||
| 110 | 2 |
_aLa Veu de Catalunya _9955 |
|
| 245 | 1 | 0 | _aEstatuts reformats de la Societat AnĂ²nima "La Veu de Catalunya" |
| 260 |
_aBarcelona _c1903 _bLa Veu de Catalunya |
||
| 300 | _a15 p. | ||
| 610 | 2 |
_9955 _aLa Veu de Catalunya |
|
| 942 |
_cFULLET _2udc |
||
| 999 |
_c1222 _d1222 |
||